[Event "WchT Seniors 50"]
[Site "Radebeul"]
[Date "2016.06.30"]
[Round "5.4"]
[White "Weichelt, Stefan"]
[Black "Dellos, Peter"]
[Result "1/2-1/2"]
[WhiteElo "1980"]
[BlackElo "1890"]
[PlyCount "29"]
[EventDate "2016.06.26"]
[EventType "team-swiss"]
[EventRounds "9"]
[EventCountry "GER"]
[SourceTitle "CBM 173 Extra"]
[Source "ChessBase"]
[SourceDate "2016.08.29"]
[SourceVersion "1"]
[SourceVersionDate "2016.08.29"]
[SourceQuality "1"]
[WhiteTeam "Heidenau"]
[BlackTeam "Hannover"]
[WhiteTeamCountry "GER"]
[BlackTeamCountry "GER"]

1. e4 e5 2. Nf3 Nc6 3. Bb5 a6 4. Ba4 Nf6 5. 0-0 b5 6. Bb3 Be7 7. c3 0-0 8. Qe2 d6 9. h3 Be6 10. Bxe6 fxe6 11. d3 h6 12. Be3 Qe8 13. Nh2 Nh5 14. g3 Nf6 15. Na3 1/2-1/2

[Event "WchT Seniors 50"]
[Site "Radebeul"]
[Date "2016.06.29"]
[Round "4.4"]
[White "Dellos, Peter"]
[Black "Kuehn, Peter1111"]
[Result "0-1"]
[WhiteElo "1890"]
[BlackElo "1961"]
[PlyCount "64"]
[EventDate "2016.06.26"]
[EventType "team-swiss"]
[EventRounds "9"]
[EventCountry "GER"]
[SourceTitle "CBM 173 Extra"]
[Source "ChessBase"]
[SourceDate "2016.08.29"]
[SourceVersion "1"]
[SourceVersionDate "2016.08.29"]
[SourceQuality "1"]
[WhiteTeam "Hannover"]
[BlackTeam "Stoertebeker"]
[WhiteTeamCountry "GER"]
[BlackTeamCountry "GER"]

1. e4 c5 2. Nf3 e6 3. d4 cxd4 4. Nxd4 Nf6 5. Nc3 d6 6. g4 h6 7. g5 hxg5 8. Bxg5 a6 9. Qd2 Nc6 10. 0-0-0 Qc7 11. Kb1 Bd7 12. Bg2 0-0-0 13. h4 Be7 14. f3 Na5 15. Qf2 Nc4 16. Nb3 Kb8 17. f4 Ng4 18. Qg3 Bxg5 19. hxg5 Nge3 20. Rxh8 Rxh8 21. Rh1 Rxh1+ 22. Bxh1 Na3+ 23. Kc1 Naxc2 24. Nd4 Nxd4 25. Qxe3 Qc5 26. Kb1 Bc6 27. Qd3 f5 28. gxf6 gxf6 29. Bg2 f5 30. Bh3 fxe4 31. Nxe4 Qb4 32. Qc3 Bxe4+ 0-1

[Event "WchT Seniors 50"]
[Site "Radebeul"]
[Date "2016.06.28"]
[Round "3.4"]
[White "Serjmyadag, Damdin"]
[Black "Dellos, Peter"]
[Result "1/2-1/2"]
[WhiteElo "1949"]
[BlackElo "1890"]
[PlyCount "87"]
[EventDate "2016.06.26"]
[EventType "team-swiss"]
[EventRounds "9"]
[EventCountry "GER"]
[SourceTitle "CBM 173 Extra"]
[Source "ChessBase"]
[SourceDate "2016.08.29"]
[SourceVersion "1"]
[SourceVersionDate "2016.08.29"]
[SourceQuality "1"]
[WhiteTeam "Mongolia (Women)"]
[BlackTeam "Hannover"]
[WhiteTeamCountry "MGL"]
[BlackTeamCountry "GER"]

1. e4 e5 2. Nf3 Nc6 3. d4 exd4 4. Nxd4 g6 5. Be3 Bg7 6. c3 Nf6 7. f3 0-0 8. Be2 Re8 9. Qd2 d5 10. exd5 Nxd5 11. Bg5 Bf6 12. Nxc6 Bxg5 13. Nxd8 Bxd2+ 14. Nxd2 Nf4 15. Ne4 Rxd8 16. g3 Nxe2 17. Kxe2 f5 18. Nd2 Bd7 19. Nb3 Bb5+ 20. Kf2 Rd3 21. Rhd1 Rad8 22. Rxd3 Rxd3 23. Re1 Kf7 24. h4 b6 25. Re2 c5 26. Rd2 c4 27. Rxd3 cxb3 28. Rd1 bxa2 29. b3 Bd3 30. Ra1 Bb1 31. Ke3 Ke6 32. Kd4 a6 33. c4 Kd6 34. b4 a5 35. bxa5 bxa5 36. c5+ Kc6 37. f4 Kb5 38. Kd5 Kb4 39. c6 Be4+ 40. Kd6 Kb3 41. c7 Bb7 42. Re1 Bc8 43. Ke7 Kb2 44. Re2+ 1/2-1/2

[Event "WchT Seniors 50"]
[Site "Radebeul"]
[Date "2016.06.27"]
[Round "2.4"]
[White "Dellos, Peter"]
[Black "Smid, Arend"]
[Result "1/2-1/2"]
[WhiteElo "1890"]
[BlackElo "1966"]
[PlyCount "121"]
[EventDate "2016.06.26"]
[EventType "team-swiss"]
[EventRounds "9"]
[EventCountry "GER"]
[SourceTitle "CBM 173 Extra"]
[Source "ChessBase"]
[SourceDate "2016.08.29"]
[SourceVersion "1"]
[SourceVersionDate "2016.08.29"]
[SourceQuality "1"]
[WhiteTeam "Hannover"]
[BlackTeam "Dresden Gruen Weiss"]
[WhiteTeamCountry "GER"]
[BlackTeamCountry "GER"]

1. e4 Nf6 2. e5 Nd5 3. Nf3 d6 4. d4 Bg4 5. Be2 c6 6. c4 Nb6 7. b3 dxe5 8. dxe5 N8d7 9. Bb2 Qc7 10. Nbd2 e6 11. 0-0 Rd8 12. h3 Bh5 13. a3 Be7 14. Nh2 Bg6 15. f4 Nc5 16. Nhf3 Ne4 17. Qe1 0-0 18. Nxe4 Bxe4 19. Rd1 Rxd1 20. Bxd1 Bd3 21. Be2 Rd8 22. Bxd3 Rxd3 23. Nd2 Qd7 24. Bc1 Bc5+ 25. Kh1 Be3 26. Ne4 Qd4 27. Nd6 Rxb3 28. Rf3 Bxc1 29. Rxb3 Bxf4 30. Qf1 Qxe5 31. c5 Nd5 32. Rxb7 h6 33. Rxf7 Qe3 34. Rxa7 Nc3 35. Ne8 g5 36. Nd6 Ne2 37. Ra8+ Kg7 38. Ra7+ Kf6 39. Rf7+ Kg6 40. Qb1+ Kh5 41. Qd1 Kh4 42. Rxf4+ gxf4 43. Nc4 Qc1 44. Qxc1 Nxc1 45. Ne5 Nb3 46. a4 Nxc5 47. a5 Kg3 48. Nxc6 f3 49. gxf3 Kxf3 50. Kh2 Kf4 51. Nb4 e5 52. Nd3+ Nxd3 53. a6 e4 54. a7 e3 55. a8Q e2 56. Qf8+ Ke4 57. Qe7+ Kf3 58. Qf6+ Ke4 59. Qh4+ Kf3 60. Qg3+ Ke4 61. Qh4+ 1/2-1/2